000
00245nam a2200097Ia 4500
001
709268
005
20250826162543.0
008
250824s9999 xx 000 0 und d
245
0
_a
KÜÇÜK RESSAM
_c
HAMDULLAH KÖSEOĞLU
260
_b
TUDEM YAYINLARI
999
_c
709268
_d
709268